| 000 -LEADER |
| fixed length control field |
00777nam a22001217a 4500 |
| 040 ## - CATALOGING SOURCE |
| Transcribing agency |
RUA |
| 082 ## - DEWEY DECIMAL CLASSIFICATION NUMBER |
| Classification number |
LMA VUT 2024 B701 Or.1 |
| 100 ## - MAIN ENTRY--AUTHOR NAME |
| Personal name |
VUTHY RIZA, វិទ្ធី រីហ្សា |
| 245 ## - TITLE STATEMENT |
| Title |
A Study On Land Use Planning Focus On Road Infrastructure In Prek Dambang Commune, Muk Kampoul District, Kandal Province, ការសិក្សាអំពីការរៀបចំផែនការប្រើប្រាស់ដីធ្លីដោយផ្ដោត ទៅលើហេដ្ឋារចនាសម្ព័ន្ធផ្លូវថ្នល់ នៅឃុំព្រែកដំបង ស្រុកមុខកំពូល ខេត្តកណ្ដាល |
| 260 ## - PUBLICATION, DISTRIBUTION, ETC. (IMPRINT) |
| Place of publication |
PHNOM PENH |
| Name of publisher |
RUA |
| Year of publication |
2024 |
| 300 ## - PHYSICAL DESCRIPTION |
| Number of Pages |
x, |
| Other physical details |
ill, |
| Dimensions |
29cm, |
| 942 ## - ADDED ENTRY ELEMENTS (KOHA) |
| Koha item type |
LMA |
| 952 ## - LOCATION AND ITEM INFORMATION (KOHA) |
| Withdrawn status [LOCAL, KOHA] |
0 |
| 952 ## - LOCATION AND ITEM INFORMATION (KOHA) |
| Withdrawn status [LOCAL, KOHA] |
0 |